000 00415nam a2200181Ia 4500
001 19754
005 20260306172716.0
008 260306t2005||||xx |||||||||||||| ||spa||
041 _aESP
082 _a341
_bS78
100 _aStammler, Rudolf
_eAUT
245 0 _aLa génesis del derecho
260 _c2005
300 _a117 páginas :
_c24 cm.
650 _aGEN
654 _aCDE
942 _cLIB
_dJUS
_fJUS
_2ddc
_n
999 _c19754
_d19754